Nurturing the unborn child : A nine-month program for soothing,stimulating and communicating with your baby

Bibliographic Details
Main Author: Verny,Thomas
Format: Book
Published: New York : Delacorte press , 1991
Subjects:

MARC

LEADER 00000cam a2200000 7i4500
001 0000067489
005 20161030.0
008 161030
020 |a 0385300921 
090 0 0 |a 618.24   |b VER 
100 1 |a Verny,Thomas 
245 1 1 |a Nurturing the unborn child :   |b A nine-month program for soothing,stimulating and communicating with your baby   |c Thomas Verny;Pamela Weintraub 
260 |a New York :   |b Delacorte press ,   |c 1991 
500 |a Includes bibliographical 
650 0 |a Parent and child 
650 0 |a Pregnancy 
650 0 |a Relaxation 
650 0 |a Self-perception 
999 |a 0000749641   |b Book   |c Adult Collection   |e Cawangan Pontian